Josh McDowell's guide to understanding your Bible. (Record no. 3826)

000 -LEADER
fixed length control field 00565nam a2200181 a 4500
001 - CONTROL NUMBER
control field :::00001561$&:&@@
003 - CONTROL NUMBER IDENTIFIER
control field OkBaRHE
005 - DATE AND TIME OF LATEST TRANSACTION
control field 20000607103244.0
008 - FIXED-LENGTH DATA ELEMENTS--GENERAL INFORMATION
fixed length control field s1986 j 000 0 eng u
040 ## - CATALOGING SOURCE
Transcribing agency
100 1# - MAIN ENTRY--PERSONAL NAME
Personal name McDowell, Josh.
245 10 - TITLE STATEMENT
Title Josh McDowell's guide to understanding your Bible.
260 ## - PUBLICATION, DISTRIBUTION, ETC. (IMPRINT)
Place of publication, distribution, etc San Bernardino, CA., :
Name of publisher, distributor, etc Here's Life Publishers, Inc.
Date of publication, distribution, etc 1986
300 ## - PHYSICAL DESCRIPTION
Extent 223 p. ;
Dimensions 21 cm.
650 ## - SUBJECT ADDED ENTRY--TOPICAL TERM
Topical term or geographic name as entry element Bible
General subdivision Study
942 ## - ADDED ENTRY ELEMENTS (KOHA)
Source of classification or shelving scheme
Koha item type Books
Copies
Copy number Date acquired Full call number Source of classification or shelving scheme Not for loan Price effective from Permanent Location Shelving location Koha item type Damaged status Barcode Date last seen Lost status Withdrawn status
12010-04-14BS 600 .M35  2010-04-14RHEMA Bible Training CollegeGeneral StacksBooks 15612010-04-14